[Event "I mi?dzynarodowy turniej szachowy"]
[Site "Jastrzebie-Zdroj"]
[Date "2018.08.19"]
[Round "3.12"]
[White "Rydzewski, Pawel"]
[Black "Drozniak, Stanislaw"]
[Result "1/2-1/2"]
[BlackElo "2062"]
[WhiteElo "1995"]
[LiveChessVersion "1.4.8"]

1. d4 {[%clk 1:30:59]} f5 {[%clk 1:30:52]} 2. e4 {[%clk 1:31:25]} fxe4
{[%clk 1:31:12]} 3. Nc3 {[%clk 1:31:51]} Nf6 {[%clk 1:31:37]} 4. Bg5
{[%clk 1:32:16]} c6 {[%clk 1:31:16]} 5. Bxf6 {[%clk 1:31:22]} exf6
{[%clk 1:31:40]} 6. Nxe4 {[%clk 1:28:37]} d5 {[%clk 1:32:05]} 7. Ng3
{[%clk 1:28:53]} Qe7+ {[%clk 1:28:38]} 8. Qe2 {[%clk 1:27:49]} Kf7
{[%clk 1:28:14]} 9. O-O-O {[%clk 1:26:39]} Qxe2 {[%clk 1:28:35]} 10. Bxe2
{[%clk 1:25:51]} Bd6 {[%clk 1:28:13]} 11. c3 {[%clk 1:25:08]} g6 {[%clk 1:28:03]}
12. Bd3 {[%clk 1:23:34]} h5 {[%clk 1:23:39]} 13. N1e2 {[%clk 1:22:15]} h4
{[%clk 1:18:55]} 14. Nf1 {[%clk 1:22:34]} h3 {[%clk 1:17:10]} 15. g3
{[%clk 1:20:32]} Bg4 {[%clk 1:13:02]} 16. Nd2 {[%clk 1:20:04]} a5
{[%clk 1:06:38]} 17. f3 {[%clk 1:17:59]} Bd7 {[%clk 1:06:47]} 18. Rhe1
{[%clk 1:13:42]} Na6 {[%clk 1:03:53]} 19. Ng1 {[%clk 1:12:01]} b5
{[%clk 1:00:57]} 20. f4 {[%clk 1:10:35]} Bg4 {[%clk 0:59:56]} 21. Be2
{[%clk 1:09:43]} Bf5 {[%clk 0:59:30]} 22. Ndf3 {[%clk 1:09:51]} b4
{[%clk 0:55:29]} 23. c4 {[%clk 1:07:14]} b3 {[%clk 0:50:40]} 24. a3
{[%clk 1:01:30]} Bc2 {[%clk 0:49:39]} 25. c5 {[%clk 0:59:37]} Bxd1
{[%clk 0:49:58]} 26. Bxd1 {[%clk 1:00:01]} Bc7 {[%clk 0:49:47]} 27. Bxb3
{[%clk 1:00:24]} Rae8 {[%clk 0:49:36]} 28. Re2 {[%clk 0:53:39]} g5
{[%clk 0:46:32]} 29. fxg5 {[%clk 0:51:46]} Bxg3 {[%clk 0:46:07]} 30. g6+
{[%clk 0:51:24]} Kxg6 {[%clk 0:45:26]} 31. Rxe8 {[%clk 0:49:53]} Rxe8
{[%clk 0:45:52]} 32. Bc2+ {[%clk 0:49:31]} Kf7 {[%clk 0:46:11]} 33. Kd1
{[%clk 0:48:25]} Bc7 {[%clk 0:36:45]} 34. Nxh3 {[%clk 0:47:57]} Rg8
{[%clk 0:34:35]} 35. Bd3 {[%clk 0:45:38]} Nb8 {[%clk 0:34:58]} 36. Bf1
{[%clk 0:45:47]} Nd7 {[%clk 0:35:04]} 37. Nf2 {[%clk 0:45:18]} Nf8
{[%clk 0:35:00]} 38. h3 {[%clk 0:40:03]} Ne6 {[%clk 0:33:57]} 39. Ng4
{[%clk 0:39:55]} Rb8 {[%clk 0:34:14]} 40. Kc2 {[%clk 0:39:30]} Ng5
{[%clk 0:34:25]} 41. Nxg5+ {[%clk 0:38:06]} fxg5 {[%clk 0:33:44]} 42. Bd3
{[%clk 0:37:50]} Rh8 {[%clk 0:33:22]} 43. Bf5 {[%clk 0:38:08]} Ke7
{[%clk 0:33:21]} 44. Ne3 {[%clk 0:37:18]} Rf8 {[%clk 0:33:38]} 45. Bg4
{[%clk 0:36:38]} Rf2+ {[%clk 0:34:02]} 46. Kc3 {[%clk 0:36:06]} Bf4
{[%clk 0:29:19]} 47. Nf5+ {[%clk 0:35:46]} Kf6 {[%clk 0:29:44]} 48. Nd6
{[%clk 0:35:52]} Bd2+ {[%clk 0:22:43]} 49. Kd3 {[%clk 0:35:39]} Bc1
{[%clk 0:22:59]} 50. Bd7 {[%clk 0:35:07]} Bxb2 {[%clk 0:13:25]} 51. Bxc6
{[%clk 0:35:21]} Rf3+ {[%clk 0:13:46]} 52. Ke2 {[%clk 0:34:36]} Rxh3
{[%clk 0:13:54]} 53. Nb5 {[%clk 0:32:02]} Rb3 {[%clk 0:10:09]} 54. a4
{[%clk 0:29:52]} Rb4 {[%clk 0:08:26]} 55. Kd3 {[%clk 0:30:07]} Ke6
{[%clk 0:06:28]} 56. Nc7+ {[%clk 0:27:03]} Kf5 {[%clk 0:06:47]} 57. Bd7+
{[%clk 0:27:23]} Kg6 {[%clk 0:07:05]} 58. Nb5 {[%clk 0:27:09]} g4
{[%clk 0:04:12]} 59. Bxg4 {[%clk 0:26:41]} Rxa4 {[%clk 0:04:36]} 60. c6
{[%clk 0:24:34]} Rc4 {[%clk 0:05:01]} 61. c7 {[%clk 0:24:19]} Bxd4
{[%clk 0:05:24]} 1/2-1/2

[Event "I mi?dzynarodowy turniej szachowy"]
[Site "Jastrzebie-Zdroj"]
[Date "2018.08.20"]
[Round "4.1"]
[White "Helis, Tadeusz"]
[Black "Poley, Vladimir"]
[Result "1/2-1/2"]
[BlackElo "2257"]
[WhiteElo "2166"]
[LiveChessVersion "1.4.8"]

1. d4 {[%clk 1:30:56]} d5 {[%clk 1:30:34]} 2. Nf3 {[%clk 1:31:14]} e6
{[%clk 1:30:32]} 3. c4 {[%clk 1:31:20]} Nf6 {[%clk 1:29:59]} 4. Nc3
{[%clk 1:31:02]} Nbd7 {[%clk 1:29:49]} 5. cxd5 exd5 {[%clk 1:30:14]} 6. Bg5
{[%clk 1:31:36]} Be7 {[%clk 1:29:39]} 7. e3 {[%clk 1:31:58]} Nf8 {[%clk 1:27:48]}
8. Bd3 {[%clk 1:31:28]} Ne6 {[%clk 1:26:19]} 9. Bh4 {[%clk 1:30:58]} c6
{[%clk 1:24:21]} 10. Ne5 {[%clk 1:28:45]} g6 {[%clk 1:23:17]} 11. Qc2
{[%clk 1:13:36]} Ng7 {[%clk 1:22:49]} 12. O-O {[%clk 1:09:32]} Nf5
{[%clk 1:01:25]} 13. Bg5 {[%clk 1:03:28]} h6 {[%clk 0:56:46]} 14. Bxf6
{[%clk 0:55:14]} Bxf6 {[%clk 0:57:09]} 15. Nf3 {[%clk 0:55:36]} O-O
{[%clk 0:41:08]} 16. b4 {[%clk 0:53:36]} a6 {[%clk 0:41:29]} 17. a4
{[%clk 0:54:01]} Qd6 {[%clk 0:40:55]} 18. b5 {[%clk 0:54:01]} axb5
{[%clk 0:41:07]} 19. axb5 {[%clk 0:54:26]} Rxa1 {[%clk 0:41:29]} 20. Rxa1
{[%clk 0:54:48]} c5 {[%clk 0:41:35]} 21. dxc5 {[%clk 0:54:31]} Qxc5
{[%clk 0:42:01]} 22. Ne4 {[%clk 0:54:12]} Qe7 {[%clk 0:39:29]} 23. Nxf6+
{[%clk 0:54:32]} Qxf6 {[%clk 0:39:55]} 24. Ra8 {[%clk 0:54:30]} Nd6
{[%clk 0:35:46]} 25. Nd4 {[%clk 0:54:44]} Kg7 {[%clk 0:33:59]} 26. Qc5
{[%clk 0:52:24]} Qe5 {[%clk 0:26:39]} 27. Nf3 {[%clk 0:44:07]} Qf6
{[%clk 0:24:15]} 28. Nd4 {[%clk 0:44:28]} Qe5 {[%clk 0:24:42]} 29. Nf3
{[%clk 0:43:19]} Qf6 {[%clk 0:25:07]} 30. Nd4 {[%clk 0:43:39]} Qe5
{[%clk 0:25:29]} 31. Nf3 1/2-1/2

[Event "I mi?dzynarodowy turniej szachowy"]
[Site "Jastrzebie-Zdroj"]
[Date "2018.08.20"]
[Round "4.2"]
[White "Czerw, Dawid"]
[Black "Berlin, Tatiana"]
[Result "1-0"]
[BlackElo "2138"]
[WhiteElo "2254"]
[LiveChessVersion "1.4.8"]

1. d4 {[%clk 1:29:18]} d5 {[%clk 1:30:48]} 2. c4 {[%clk 1:29:31]} e6
{[%clk 1:31:10]} 3. Nc3 {[%clk 1:29:32]} Nf6 {[%clk 1:31:22]} 4. cxd5 exd5
{[%clk 1:31:46]} 5. Bg5 {[%clk 1:30:05]} c6 {[%clk 1:30:32]} 6. e3
{[%clk 1:30:28]} Bd6 {[%clk 1:26:54]} 7. Bd3 {[%clk 1:28:57]} O-O
{[%clk 1:26:32]} 8. Nge2 {[%clk 1:27:57]} Nbd7 {[%clk 1:26:16]} 9. Qc2
{[%clk 1:27:46]} h6 {[%clk 1:25:52]} 10. Bf4 {[%clk 1:27:35]} Bxf4
{[%clk 1:25:18]} 11. Nxf4 {[%clk 1:27:58]} Re8 {[%clk 1:25:24]} 12. O-O
{[%clk 1:27:36]} Nf8 {[%clk 1:25:31]} 13. b4 {[%clk 1:26:34]} a6 {[%clk 1:24:00]}
14. a4 {[%clk 1:25:07]} Qd6 {[%clk 1:20:39]} 15. b5 {[%clk 1:23:53]} axb5
{[%clk 1:20:32]} 16. axb5 {[%clk 1:24:14]} Rxa1 {[%clk 1:18:09]} 17. Rxa1
{[%clk 1:22:58]} Ng4 {[%clk 1:17:14]} 18. Bf5 {[%clk 1:13:13]} g5
{[%clk 1:13:53]} 19. Bxg4 {[%clk 1:03:30]} gxf4 {[%clk 1:13:47]} 20. Bxc8
{[%clk 1:00:17]} Rxc8 {[%clk 1:13:32]} 21. Qf5 {[%clk 0:55:59]} Ne6
{[%clk 1:12:29]} 22. h3 {[%clk 0:48:06]} fxe3 {[%clk 1:11:54]} 23. fxe3
{[%clk 0:48:15]} Qg3 {[%clk 1:11:01]} 24. Qf3 {[%clk 0:44:13]} Qg6
{[%clk 1:09:45]} 25. bxc6 {[%clk 0:41:56]} bxc6 {[%clk 1:09:53]} 26. Ne2
{[%clk 0:40:34]} Rb8 {[%clk 1:07:36]} 27. Ng3 {[%clk 0:34:36]} Ng5
{[%clk 1:05:55]} 28. Qg4 {[%clk 0:32:54]} Kh7 {[%clk 1:01:14]} 29. h4
{[%clk 0:26:57]} Ne6 {[%clk 0:59:11]} 30. Qf3 {[%clk 0:25:44]} c5
{[%clk 0:48:38]} 31. dxc5 {[%clk 0:23:10]} Nxc5 {[%clk 0:48:14]} 32. Rf1
{[%clk 0:21:14]} Ne4 {[%clk 0:43:02]} 33. Nxe4 {[%clk 0:19:52]} dxe4
{[%clk 0:42:55]} 34. Qxf7+ {[%clk 0:20:15]} Qxf7 {[%clk 0:43:16]} 35. Rxf7+
{[%clk 0:20:41]} Kg6 {[%clk 0:43:38]} 36. Rf4 {[%clk 0:20:43]} Rb4
{[%clk 0:43:19]} 37. g4 {[%clk 0:19:54]} Ra4 {[%clk 0:41:04]} 38. Kg2
{[%clk 0:20:08]} Rb4 {[%clk 0:35:17]} 39. Kg3 {[%clk 0:20:32]} Ra4
{[%clk 0:34:05]} 40. Rf5 {[%clk 0:19:24]} Ra1 {[%clk 0:31:00]} 41. Kf4
{[%clk 0:19:32]} Rg1 {[%clk 0:30:54]} 42. Ra5 {[%clk 0:19:06]} Kg7
{[%clk 0:29:37]} 43. Ra7+ {[%clk 0:19:23]} Kf6 {[%clk 0:29:22]} 44. Ra6+
{[%clk 0:19:35]} Kg7 {[%clk 0:29:39]} 45. h5 {[%clk 0:19:26]} Kh7
{[%clk 0:27:07]} 46. Rg6 {[%clk 0:19:16]} 1-0

[Event "I mi?dzynarodowy turniej szachowy"]
[Site "Jastrzebie-Zdroj"]
[Date "2018.08.20"]
[Round "4.3"]
[White "Smolka, Marcin"]
[Black "Holly, Andrej"]
[Result "0-1"]
[BlackElo "1903"]
[WhiteElo "2170"]
[LiveChessVersion "1.4.8"]

1. e4 {[%clk 1:26:20]} e6 {[%clk 1:30:47]} 2. d4 {[%clk 1:26:29]} d5
{[%clk 1:31:01]} 3. Nc3 {[%clk 1:26:53]} dxe4 4. Nxe4 {[%clk 1:27:17]} Bd7
{[%clk 1:29:46]} 5. Nf3 {[%clk 1:24:17]} Bc6 {[%clk 1:28:10]} 6. Bd3
{[%clk 1:24:08]} Nd7 {[%clk 1:27:50]} 7. Qe2 {[%clk 1:19:52]} Ngf6
{[%clk 1:27:42]} 8. Ng3 {[%clk 1:19:26]} Bxf3 {[%clk 1:25:04]} 9. Qxf3
{[%clk 1:17:35]} c6 {[%clk 1:25:31]} 10. O-O {[%clk 1:13:43]} Be7
{[%clk 1:24:42]} 11. b3 {[%clk 1:11:51]} O-O {[%clk 1:23:52]} 12. Bb2
{[%clk 1:12:02]} a5 {[%clk 1:14:12]} 13. a3 {[%clk 1:09:09]} Qc7 {[%clk 1:06:26]}
14. Rfe1 {[%clk 1:05:35]} c5 {[%clk 0:59:38]} 15. c4 {[%clk 1:00:50]} Rfe8
{[%clk 0:52:38]} 16. dxc5 {[%clk 0:54:34]} Bxc5 {[%clk 0:49:19]} 17. Re2
{[%clk 0:39:42]} Rad8 {[%clk 0:37:33]} 18. Ne4 {[%clk 0:33:18]} Nxe4
{[%clk 0:37:19]} 19. Rxe4 {[%clk 0:20:15]} Be7 {[%clk 0:31:01]} 20. Rg4
{[%clk 0:15:11]} Ne5 {[%clk 0:24:01]} 21. Rxg7+ {[%clk 0:12:20]} Kxg7
{[%clk 0:22:46]} 22. Qg3+ {[%clk 0:12:36]} Kf8 {[%clk 0:19:57]} 23. Bxe5
{[%clk 0:12:03]} Bd6 {[%clk 0:20:22]} 24. Qg7+ {[%clk 0:11:08]} Ke7
{[%clk 0:20:52]} 25. Bf6+ {[%clk 0:11:28]} Kd7 {[%clk 0:21:18]} 26. Bxd8
{[%clk 0:11:02]} Kxd8 {[%clk 0:21:42]} 27. g3 {[%clk 0:10:48]} Be5
{[%clk 0:21:39]} 28. Qg5+ {[%clk 0:10:08]} f6 {[%clk 0:21:59]} 29. Qc1
{[%clk 0:10:32]} Bxa1 {[%clk 0:20:57]} 30. Qxa1 {[%clk 0:10:58]} e5
{[%clk 0:15:57]} 31. Bf5 {[%clk 0:10:34]} Qd6 {[%clk 0:15:08]} 32. Qc3
{[%clk 0:08:26]} b6 {[%clk 0:13:53]} 33. b4 {[%clk 0:08:26]} e4 {[%clk 0:13:59]}
34. c5 {[%clk 0:07:04]} Qd1+ {[%clk 0:11:04]} 35. Kg2 {[%clk 0:07:32]} Qf3+
{[%clk 0:10:56]} 36. Qxf3 {[%clk 0:08:00]} exf3+ {[%clk 0:11:22]} 37. Kxf3
{[%clk 0:08:27]} bxc5 {[%clk 0:11:28]} 38. bxc5 {[%clk 0:04:36]} Re5
{[%clk 0:11:27]} 39. Bxh7 {[%clk 0:03:41]} Rxc5 {[%clk 0:11:39]} 40. h4
{[%clk 0:03:26]} Rc3+ {[%clk 0:10:21]} 41. Kf4 {[%clk 0:03:39]} Rxa3
{[%clk 0:09:19]} 42. h5 {[%clk 0:03:52]} Ke7 {[%clk 0:08:55]} 43. Be4
{[%clk 0:03:18]} Ra2 {[%clk 0:06:56]} 44. Kf5 {[%clk 0:02:31]} Rxf2+
{[%clk 0:06:12]} 45. Kg6 {[%clk 0:03:00]} Rh2 {[%clk 0:05:10]} 46. h6
{[%clk 0:02:52]} Kf8 {[%clk 0:05:32]} 47. h7 {[%clk 0:03:14]} a4 {[%clk 0:05:35]}
48. Kxf6 {[%clk 0:02:37]} a3 {[%clk 0:05:53]} 49. Bb1 {[%clk 0:02:31]} Rxh7
{[%clk 0:06:18]} 50. g4 {[%clk 0:02:12]} Rh2 {[%clk 0:06:30]} 51. g5
{[%clk 0:02:29]} a2 {[%clk 0:06:50]} 0-1

[Event "I mi?dzynarodowy turniej szachowy"]
[Site "Jastrzebie-Zdroj"]
[Date "2018.08.20"]
[Round "4.4"]
[White "Pilch, Roman"]
[Black "Galuszka, Tomasz"]
[Result "1/2-1/2"]
[BlackElo "2022"]
[WhiteElo "2129"]
[LiveChessVersion "1.4.8"]

1. Nf3 {[%clk 1:30:57]} d5 {[%clk 1:30:42]} 2. c4 {[%clk 1:31:15]} c6
{[%clk 1:31:04]} 3. d4 {[%clk 1:31:08]} Nf6 {[%clk 1:31:26]} 4. Nc3
{[%clk 1:31:27]} e6 {[%clk 1:31:48]} 5. e3 {[%clk 1:31:49]} Nbd7 {[%clk 1:32:09]}
6. Bd3 {[%clk 1:31:55]} Bd6 {[%clk 1:32:29]} 7. O-O {[%clk 1:31:45]} O-O
{[%clk 1:32:45]} 8. e4 {[%clk 1:32:00]} dxc4 {[%clk 1:32:40]} 9. Bxc4
{[%clk 1:32:07]} e5 {[%clk 1:32:55]} 10. Bg5 {[%clk 1:30:27]} exd4
{[%clk 1:30:06]} 11. Qxd4 {[%clk 1:28:26]} Qe7 {[%clk 1:26:15]} 12. Bxf6
{[%clk 1:19:16]} Qxf6 {[%clk 1:25:52]} 13. Qxf6 {[%clk 1:14:57]} gxf6
{[%clk 1:26:15]} 14. Rad1 {[%clk 1:13:58]} Bc7 {[%clk 1:25:52]} 15. Nd4
{[%clk 1:10:52]} Re8 {[%clk 1:19:30]} 16. f3 {[%clk 1:00:39]} Nb6
{[%clk 1:16:48]} 17. Bb3 {[%clk 0:59:55]} a5 {[%clk 1:15:32]} 18. a3
{[%clk 0:56:00]} a4 {[%clk 1:13:00]} 19. Ba2 {[%clk 0:54:54]} Ra5
{[%clk 1:08:16]} 20. Nce2 {[%clk 0:49:10]} c5 {[%clk 0:56:36]} 21. Nc2
{[%clk 0:47:44]} Be6 {[%clk 0:54:50]} 22. Bxe6 {[%clk 0:47:03]} fxe6
{[%clk 0:54:57]} 23. Ne3 {[%clk 0:36:42]} Rb5 {[%clk 0:52:37]} 24. Rd2
{[%clk 0:36:11]} Rb3 {[%clk 0:52:23]} 25. Ng4 {[%clk 0:34:59]} Bd8
{[%clk 0:50:27]} 26. Rc1 {[%clk 0:32:23]} 1/2-1/2

[Event "I mi?dzynarodowy turniej szachowy"]
[Site "Jastrzebie-Zdroj"]
[Date "2018.08.20"]
[Round "4.5"]
[White "Oborski, Artur"]
[Black "Molenda, Marcin"]
[Result "0-1"]
[BlackElo "2379"]
[WhiteElo "1988"]
[LiveChessVersion "1.4.8"]

1. d4 {[%clk 1:30:57]} d5 {[%clk 1:30:54]} 2. c4 {[%clk 1:31:16]} e6
{[%clk 1:31:19]} 3. Nf3 {[%clk 1:31:35]} Nf6 {[%clk 1:31:43]} 4. Nc3
{[%clk 1:31:53]} Bb4 {[%clk 1:31:56]} 5. Bg5 {[%clk 1:32:07]} h6 {[%clk 1:31:55]}
6. Bxf6 Qxf6 {[%clk 1:32:18]} 7. e3 {[%clk 1:32:43]} O-O {[%clk 1:31:57]} 8. Rc1
{[%clk 1:32:34]} dxc4 9. Bxc4 {[%clk 1:32:52]} c5 {[%clk 1:31:12]} 10. O-O
{[%clk 1:32:52]} cxd4 11. exd4 {[%clk 1:32:19]} Nc6 {[%clk 1:30:16]} 12. Ne4
{[%clk 1:30:41]} Qe7 {[%clk 1:28:09]} 13. Qe2 {[%clk 1:29:07]} Rd8
{[%clk 1:26:03]} 14. Rfd1 {[%clk 1:29:18]} Ba5 {[%clk 1:22:32]} 15. Bb5
{[%clk 1:13:57]} Bd7 {[%clk 0:54:00]} 16. Nc5 {[%clk 1:12:21]} Be8
{[%clk 0:52:05]} 17. a3 {[%clk 1:06:54]} Bb6 {[%clk 0:49:51]} 18. b4
{[%clk 1:06:33]} a5 {[%clk 0:48:40]} 19. Qb2 {[%clk 0:51:13]} axb4
{[%clk 0:48:32]} 20. axb4 {[%clk 0:51:32]} Rd5 {[%clk 0:36:29]} 21. Bc4
{[%clk 0:43:46]} Rf5 {[%clk 0:36:09]} 22. Bd3 {[%clk 0:38:07]} Rf4
{[%clk 0:32:44]} 23. Qd2 {[%clk 0:36:45]} Rxf3 {[%clk 0:26:55]} 24. gxf3
{[%clk 0:36:45]} Nxd4 {[%clk 0:27:09]} 25. Bh7+ {[%clk 0:28:07]} Kxh7
{[%clk 0:27:33]} 26. Qxd4 {[%clk 0:28:27]} Bc6 {[%clk 0:24:16]} 27. Qf4
{[%clk 0:26:27]} Bxc5 {[%clk 0:23:40]} 28. Rxc5 {[%clk 0:24:35]} Ra3
{[%clk 0:23:45]} 29. Rxc6 {[%clk 0:22:08]} bxc6 {[%clk 0:22:57]} 30. Qe4+
{[%clk 0:22:13]} g6 {[%clk 0:23:00]} 31. Qxc6 {[%clk 0:20:42]} Qxb4
{[%clk 0:21:53]} 32. Kg2 {[%clk 0:18:24]} Ra5 {[%clk 0:20:02]} 33. Qe4
{[%clk 0:15:09]} Rg5+ {[%clk 0:20:25]} 34. Kh1 {[%clk 0:15:13]} Qxe4
{[%clk 0:17:14]} 35. fxe4 {[%clk 0:15:35]} h5 {[%clk 0:17:38]} 36. f4
{[%clk 0:14:26]} Rg4 {[%clk 0:17:54]} 37. Rf1 {[%clk 0:14:50]} Kg7
{[%clk 0:17:56]} 38. e5 {[%clk 0:10:09]} h4 {[%clk 0:16:37]} 39. Rf3
{[%clk 0:09:22]} g5 {[%clk 0:13:56]} 40. fxg5 {[%clk 0:08:57]} Rxg5
{[%clk 0:14:25]} 41. Rf4 {[%clk 0:08:34]} Rxe5 {[%clk 0:14:40]} 42. Rg4+
{[%clk 0:08:50]} Kf6 {[%clk 0:14:58]} 43. Rxh4 {[%clk 0:09:14]} Rg5
{[%clk 0:15:10]} 44. Rf4+ {[%clk 0:09:30]} Kg6 {[%clk 0:13:47]} 45. h4
{[%clk 0:09:25]} Rf5 {[%clk 0:14:01]} 46. Re4 {[%clk 0:09:44]} Rf2
{[%clk 0:14:18]} 47. Kg1 {[%clk 0:09:35]} Ra2 {[%clk 0:14:43]} 48. Rf4
{[%clk 0:09:34]} f5 {[%clk 0:15:01]} 49. Rf3 {[%clk 0:08:40]} Kh5
{[%clk 0:14:27]} 50. Re3 {[%clk 0:09:01]} Ra6 {[%clk 0:14:52]} 51. Rg3
{[%clk 0:07:59]} Kxh4 {[%clk 0:14:58]} 52. Rg6 {[%clk 0:08:08]} Kh5
{[%clk 0:15:22]} 53. Rg8 {[%clk 0:08:25]} e5 {[%clk 0:15:38]} 54. Kf2
{[%clk 0:08:41]} Ra3 {[%clk 0:15:56]} 55. Rg7 {[%clk 0:08:56]} e4
{[%clk 0:16:14]} 56. Ke2 {[%clk 0:08:44]} f4 {[%clk 0:16:22]} 57. Re7
{[%clk 0:08:19]} Ra2+ {[%clk 0:16:47]} 0-1

[Event "I mi?dzynarodowy turniej szachowy"]
[Site "Jastrzebie-Zdroj"]
[Date "2018.08.20"]
[Round "4.6"]
[White "Wieczorek, Jakub"]
[Black "Tymrakiewicz, Rafal"]
[Result "1-0"]
[BlackElo "2192"]
[WhiteElo "1710"]
[LiveChessVersion "1.4.8"]

1. Nf3 {[%clk 1:28:08]} d5 {[%clk 1:27:26]} 2. c4 {[%clk 1:28:26]} d4
{[%clk 1:22:21]} 3. e3 {[%clk 1:28:38]} c5 {[%clk 1:21:58]} 4. b4
{[%clk 1:28:34]} cxb4 {[%clk 1:13:25]} 5. Bb2 {[%clk 1:23:49]} dxe3
{[%clk 1:09:26]} 6. fxe3 {[%clk 1:24:15]} Nf6 {[%clk 1:09:29]} 7. d4
{[%clk 1:22:06]} Bf5 {[%clk 1:02:18]} 8. Bd3 {[%clk 1:20:21]} Bxd3
{[%clk 0:54:33]} 9. Qxd3 {[%clk 1:20:47]} Nc6 {[%clk 0:54:55]} 10. O-O
{[%clk 1:15:45]} e6 {[%clk 0:52:50]} 11. e4 {[%clk 1:11:57]} b5 {[%clk 0:33:41]}
12. cxb5 {[%clk 0:58:39]} Na5 {[%clk 0:33:37]} 13. a3 {[%clk 0:58:24]} Rc8
{[%clk 0:28:53]} 14. Nbd2 {[%clk 0:56:55]} b3 {[%clk 0:25:58]} 15. Rac1
{[%clk 0:52:12]} Rxc1 {[%clk 0:22:37]} 16. Rxc1 {[%clk 0:52:14]} Be7
{[%clk 0:22:56]} 17. Nxb3 {[%clk 0:46:44]} Nxb3 {[%clk 0:21:52]} 18. Qxb3
{[%clk 0:47:10]} O-O {[%clk 0:21:08]} 19. Qc2 {[%clk 0:44:13]} Qa8
{[%clk 0:15:18]} 20. Ne5 {[%clk 0:42:35]} Bd6 {[%clk 0:08:35]} 21. Nc6
{[%clk 0:33:16]} Bf4 {[%clk 0:08:35]} 22. Rf1 {[%clk 0:31:55]} Bg5
{[%clk 0:06:46]} 23. Bc1 {[%clk 0:31:14]} Bxc1 {[%clk 0:06:27]} 24. Rxc1
{[%clk 0:31:41]} Qb7 {[%clk 0:06:45]} 25. Qc5 {[%clk 0:27:38]} Re8
{[%clk 0:04:27]} 26. Re1 {[%clk 0:25:38]} a6 {[%clk 0:02:15]} 27. a4
{[%clk 0:26:05]} axb5 {[%clk 0:02:28]} 28. axb5 {[%clk 0:26:25]} h6
{[%clk 0:02:13]} 29. e5 {[%clk 0:20:59]} Nd5 {[%clk 0:02:27]} 30. Ra1
{[%clk 0:21:04]} Ra8 {[%clk 0:00:34]} 31. Rxa8+ {[%clk 0:13:53]} Qxa8
{[%clk 0:01:04]} 32. Na7 {[%clk 0:14:06]} Kh7 {[%clk 0:00:33]} 33. b6
{[%clk 0:12:32]} Qb7 {[%clk 0:01:03]} 34. Nc8 {[%clk 0:09:45]} Ne3
{[%clk 0:01:16]} 35. Kf2 {[%clk 0:09:28]} Ng4+ {[%clk 0:01:16]} 36. Ke1
{[%clk 0:05:06]} Qxg2 {[%clk 0:01:21]} 37. Qc3 {[%clk 0:03:46]} Nxh2
{[%clk 0:00:48]} 38. Kd1 {[%clk 0:03:24]} Qf1+ {[%clk 0:00:37]} 39. Kc2
{[%clk 0:03:23]} Qe2+ {[%clk 0:00:40]} 40. Kb3 {[%clk 0:01:27]} Qb5+
{[%clk 0:00:54]} 41. Ka3 {[%clk 0:01:09]} Nf1 {[%clk 0:01:04]} 42. Qc2+
{[%clk 0:00:55]} g6 {[%clk 0:01:27]} 43. Qc7 {[%clk 0:00:53]} Qa5+
{[%clk 0:01:09]} 44. Kb3 {[%clk 0:00:33]} Qb5+ {[%clk 0:01:26]} 45. Kc3
{[%clk 0:00:47]} Qa5+ {[%clk 0:01:39]} 46. Kb3 {[%clk 0:00:46]} Qb5+
{[%clk 0:01:41]} 47. Kc3 {[%clk 0:01:14]} Qa5+ {[%clk 0:01:47]} 48. Kd3
{[%clk 0:01:03]} Qa3+ {[%clk 0:00:40]} 49. Kc4 {[%clk 0:00:46]} Qa4+
{[%clk 0:00:36]} 50. Kc5 {[%clk 0:01:07]} Qa5+ {[%clk 0:00:43]} 51. Kd6
{[%clk 0:01:15]} Qd5+ 52. Ke7 {[%clk 0:01:35]} Ne3 {[%clk 0:00:59]} 53. Kf8
{[%clk 0:01:29]} h5 {[%clk 0:01:00]} 54. Qxf7+ {[%clk 0:01:27]} Kh6
{[%clk 0:01:29]} 55. Qf4+ {[%clk 0:01:14]} Kh7 {[%clk 0:01:56]} 56. Qf7+
{[%clk 0:00:40]} Kh6 {[%clk 0:02:25]} 57. Qg7+ {[%clk 0:00:37]} Kg5
{[%clk 0:02:54]} 58. Qf6+ {[%clk 0:01:04]} Kg4 {[%clk 0:02:18]} 59. Qxg6+
{[%clk 0:01:32]} Kf4 {[%clk 0:02:15]} 60. Qh6+ {[%clk 0:01:31]} Kg4
{[%clk 0:00:48]} 61. Qxe3 {[%clk 0:01:11]} Qd8+ {[%clk 0:01:15]} 62. Kf7
{[%clk 0:01:19]} Qxc8 {[%clk 0:01:40]} 63. Qe4+ {[%clk 0:01:06]} Kh3
{[%clk 0:01:56]} 64. Qf3+ {[%clk 0:01:09]} Kh4 {[%clk 0:02:01]} 65. Qf6+
{[%clk 0:01:33]} Kg3 {[%clk 0:02:29]} 66. Qg5+ {[%clk 0:00:38]} Kf3
{[%clk 0:01:13]} 67. Qxh5+ {[%clk 0:00:43]} Ke4 {[%clk 0:01:42]} 68. Qh4+
{[%clk 0:00:39]} Kd5 {[%clk 0:02:12]} 69. Qe7 {[%clk 0:00:47]} Kxd4 70. b7
{[%clk 0:00:47]} Qc2 {[%clk 0:02:03]} 71. Qd6+ {[%clk 0:00:49]} Ke3
{[%clk 0:01:59]} 72. b8=Q {[%clk 0:00:58]} Qh7+ {[%clk 0:01:19]} 73. Ke8
{[%clk 0:01:20]} Qg8+ {[%clk 0:01:13]} 74. Kd7 {[%clk 0:01:37]} Qh7+
{[%clk 0:01:31]} 75. Kc8 {[%clk 0:01:50]} Kf4 {[%clk 0:01:24]} 76. Qd2+
{[%clk 0:01:43]} Kg4 {[%clk 0:00:47]} 77. Qd4+ {[%clk 0:01:52]} Kf5
{[%clk 0:00:46]} 78. Qd3+ {[%clk 0:02:03]} 1-0